000 00624nam a22001817a 4500
999 _c181127
_d181127
005 20210901160700.0
010 _aB-741369
020 _a9780865439801
_c2166.00
035 _aB-741369
037 _bGift
082 _a909.0496
245 _aThe African diaspora in the Indian ocean /
_cedited by Shihan De Silva Jayasuriya [and] Richard Pankhurst
260 _bAfrican World Press
_c2003
300 _a293p.:
_c23cm(pbk)
500 _ainclude bibliographical references and index
942 _2ddc
_cEN
_mAFR
_h909.0496